Best-Selling Albums of the 2010's - Statistics

General Stats
  • This quiz has been taken 43 times
  • The average score is 5 of 10
Answer Stats
Hint Answer % Correct
1. Adele- 2011 21
95%
2. Adele- 2015 25
93%
3. Taylor Swift- 2014 1989
83%
6. Taylor Swift- 2012 Red
75%
4. Taylor Swift- 2010 Speak Now
65%
5. Eminem- 2010 Recovery
38%
8. Lady Antebellum- 2010 Need You Now
23%
9. Michael Bublé- 2011 Christmas
18%
7. Christophe Beck- 2013 Frozen
5%
10. Mumford and Sons- 2009 Speak No More
0%
No matching quizzes found
Score Distribution
Percent of People with Each Score
Percentile by Number Answered
Your Score History
You have not taken this quiz